00500 2200205 4500001002100000008004100021035002000062245005000082100001900132250000600151260003100157300001200188020002200200084001400222082000800236650001400244990001200258990001200270990001200282INLIS000000000001246 ind  a0010-0524000481 aBuku Panduan Guru PJOK Kelas XcAgus Mahendra aMahendra, Agus a1 aJakarta :bKEMDIKBUDc2021 a296 hlm a978-602-244-304-9 a700 AGU p a700 aNon Fiksi a0747311 a0747312 a0747313